| 000 | 01197nam a2200229Ia 4500 | ||
|---|---|---|---|
| 003 | Ost | ||
| 005 | 20260416102400.0 | ||
| 008 | 260416s9999||||xx |||||||||||||| ||und|| | ||
| 040 | _cfsecg | ||
| 041 | _aara | ||
| 082 | _a658.8 | ||
| 100 |
_aبصاص، يونس _eمؤلف |
||
| 245 | 0 |
_a التسويق والإشهار : _bالسنة الثالثة ليسانس (ل م د)|:السداسي السادس / _c يونس بصاص |
|
| 260 |
_aالجزائر _bجامعة الجزائر3: كلية العلوم الإقتصادية، العلوم التجارية وعلوم التسيير _c2022 |
||
| 300 |
_a98 ورقة _bايضاحات _c30 سم |
||
| 504 | _aالمراجع ص.87 | ||
| 520 | _aمدخل الى التسويق ، المزيج التسويقي و عناصره الاساسية ،سلوك المستهلك ، دراسة السوق (البيئة التسويقية) ، الاتصال التسويقي ، الفعل الاشهاري. | ||
| 653 | _aالترويج | ||
| 653 | _aالتسويق | ||
| 710 |
_aجامعة الجزائر3: كلية العلوم الإقتصادية، العلوم التجارية وعلوم التسيير _eناشر علمي |
||
| 942 | _cHANDOUT | ||
| 999 |
_c41376 _d41376 |
||